01274nam a22002777a 4500003000400000005001700004008004100021040002200062082001500084100002400099245008600123260005100209300001800260490002000278505010500298505009100403505008700494505013300581505001700714650004100731650004800772650004400820650004300864650004400907651004500951OSt20230421140943.0221006b |||||||| |||| 00| 0 eng d cBiblioteca Lado V a700bH424a eeditoraHynes, Chas aArtshouston Magazine/bHouston's monthly guide to the performing and visual arts/ bTexas Southem University Museumc2004aHouston c21x29cma38p. a8v5x1541-6089 aFEATURESgGoodbye Columbus Houston's Latin Lights Latin Movement Broken Obelisk More Microcinema aPerformance reviewsg32 TUTS Stages Infernal Bridegroom Productions Mercury Baroque aGallery ReviewsgRice Gallery McClain gallery Texas Southern University Museum  aDepartmentsgEditor's Notes Backstage witch Janet H. Moore Gallery and Museum Map ArtKids Center Stage Calendar ArtistTalk aMarcelo Wong 2Tesauro de Arte & ArquitecturaaARTE 2Tesauro de Arte & ArquitecturaaARTE VISUAL 2Tesauro de Arte & ArquitecturaaREVISTA 2Tesauro de Arte & ArquitecturaaBIENAL 2Tesauro de Arte & ArquitecturaaCRITICA 2Tesauro de Arte & ArquitecturaaRESEÑA